Normal view MARC view
  • Acevedo Hurtado, José Luis

Entry Nombre Personal

Number of records used in: 1

001 - NUMERO DE CONTROL

  • campo de control: 54340

003 - IDENTIFICADOR DE NUMERO DE CONTROL

  • campo de control: MX-MxUPN

005 - FECHA Y HORA DE LA ÜLTIMA TRANSACCIÓN

  • campo de control: 20241028120214.0

008 - DATOS DE LONGITUD FIJA

  • campo de control de longitud fija: 241028|| acn||aabn | aaa d

040 ## - FUENTE DE CATALOGACIÓN

  • Agencia original de catalogación: MX-MxUPN
  • Lenguaje de catalogación: spa
  • Agencia de transcripción: MX-MxUPN

100 1# - ENCABEZAMIENTO - NOMBRE PERSONAL

  • Nombre personal: Acevedo Hurtado, José Luis

372 ## - CAMPO DE ACTIVIDAD

  • Field of activity: Historia colonial
  • Field of activity: Educación

373 ## - GRUPO ASOCIADO

  • Associated group: Universidad Autónoma de Zacatecas
  • Associated group: Universidad Pedagógica Nacional (México)

373 ## - GRUPO ASOCIADO

  • Associated group: Sistema Nacional de Investigadores e Investigadoras
  • Start period: 2018
  • End period: 2021

374 ## - OCUPACIÓN

  • Occupation: Historiador

670 ## - FUENTE EN LA QUE SE LOCALIZARON DATOS

  • Cita de la fuente: Historia de la educación, género y perspectivas docentes, 2021
  • Información localizada: página 234 (José Luis Acevedo Hurtado. Doctor en Historia Colonial por la Universidad Autónoma de Zacatecas, Profesor investigador de la Universidad Pedagógica Nacional. Unidad Zacatecas, miembro de la Sociedad Mexicana de Historia de la Educación, integrante del Sistema Nacional de Investigadores e Investigadoras 2018-2021. Autor de varios artículos sobre historia de la educación en Zacatecas)

902 ## - CATALOGADOR

  • Catalogador: MaríaRobles/281024